000
00329pab a2200145 454500
008
180718b1987 xxu||||| |||| 00| 0 eng d
100
_a
Bashiruddin, S.
245
_a
Mass media shoudl help fostor unity
260
_c
1987
300
_a
55-7
362
_a
26 Jan.
650
_a
Mass Media
773
_a
Yojana
909
_a
13287
999
_c
13287
_d
13287